| 000 | 00591nam a2200193Ia 4500 | ||
|---|---|---|---|
| 003 | GCL | ||
| 008 | 140319s9999 xx 000 0 ara d | ||
| 040 |
_aGCL / _cGCL |
||
| 082 | 0 | 4 |
_a189.2 _bع ا |
| 100 | 1 | _aعمر فروخ | |
| 245 | 1 | 0 |
_aاخوان الصفا?: درس عرض تحليل / _cعمر فروخ |
| 300 | _a192 ص | ||
| 490 |
_aالهيئة العامة للاستعلامات _v0 |
||
| 650 | 0 | 4 | _aالفلسفة الاسلامية |
| 650 | 0 | 4 | _aالفلاسفة المسلمون |
| 650 | 0 | 4 | _aالخوان الصفا |
| 650 | 0 | 4 | _aاخوان الصفا |
| 942 |
_2ddc _cBK |
||
| 999 |
_c47186 _d47186 |
||